Abuso en el Instrumento Multilateral Una nueva mentalidad de planeacin̤ internacional /

Detalles Bibliográficos
Autor principal: Gm̤ez Cifuentes, Santiago Eduardo
Formato: eBook
Lenguaje:español
Publicado: Bogot:̀ Universidad de Los Andes (Colombia), 2019
Materias:
Acceso en línea:Acceso restringido

MARC

LEADER 00000nam a22000007a 4500
005 20190903214921.0
007 cr|||| ||||
008 190903s2019 co |||||s|||| 00||0 spa d
020 |a 978-958-774-828-4 
035 |a 24787 
040 |a vLex 
090 |c 9371  |d 9371 
100 1 |a Gm̤ez Cifuentes, Santiago Eduardo 
245 1 0 |a Abuso en el Instrumento Multilateral  |h [Recurso electrn̤ico] :  |b Una nueva mentalidad de planeacin̤ internacional /  |c Santiago Eduardo Gm̤ez Cifuentes 
256 |a Servicio en ln̕ea 
260 |a Bogot:̀  |b Universidad de Los Andes (Colombia),  |c 2019 
300 |a 1 recurso electrn̤ico 
500 |a En febrero del 2013, a partir de los esfuerzos de la OCDE y de los gobiernos del g20, surgieron las quince acciones del plan BEPS (Base Erosion and Profit Shifting) destinadas a evaluar el estado de las reglas de tributacin̤ internacional y formular estrategias para su renovacin̤. Un instrumento multilateral de derecho internacional fue una de las soluciones para aplicar de forma eficiente estas recomendaciones, muchas de las cuales ya han comenzado a implementarse en Colombia. Este libro estudia el alcance del artc̕ulo 6.ʻ y 7.ʻ del Instrumento Multilateral, cuya textura abierta puede traducirse en una dosis de incertidumbre para el contribuyente. Aqu ̕se analizan las implicaciones de los cambios en los prem̀bulos de los convenios para evitar la doble imposicin̤, los alcances del test de props̤ito principal del artc̕ulo 7.ʻ(1) y la aplicacin̤ de la clùsula simplificada de limitacin̤ de beneficios del artc̕ulo 7.ʻ(8) al 7.ʻ(13). Abuso en el Instrumento Multilateral. Una nueva mentalidad de planeacin̤ internacional ofrece un marco conceptual para llegar a interpretaciones razonables y —en la mayor medida posible— objetivas, para que los contribuyentes puedan tener certeza de qu ̌estructuras caen en el m̀bito de aplicacin̤ de los artc̕ulos 6.ʻ y 7.ʻ y para que las administraciones tributarias puedan fiscalizar con criterios rigurosos. 
506 1 |a Disponible solo en los productos indicados  |d vLex Global  |d vLex Global (Academic Edition, excluding Law Schools)  |d vLex Global (U.S. Academic Edition, Law Schools)  |d vLex Global (U.S. Academic Edition, excluding Law Schools)  |d vLex Global (Academic Edition, Law Schools) 
650 0 4 |a Derecho Fiscal  |z Colombia 
650 0 4 |a Derecho Internacional  |z Colombia 
740 0 |a vLex Libros (Servicio en ln̕ea) 
856 4 0 |u http://vlex.com/source/abuso-en-el-instrumento-multilateral-una-nueva-mentalidad-de-planeacion-internacional-24787  |z Acceso restringido 
942 |c BOOK 
999 0 |a Tax Law 
999 0 |a International Law